| Поле | Инд. | ПП | Название | Значение |
|---|---|---|---|---|
| Тип записи | a | |||
| Библиографический уровень | m | |||
| 001 | Контрольный номер | bf58c909-ebdf-4660-adb5-34a59374c688 | ||
| 005 | Дата корректировки | 20140703132550.9 | ||
| 008 | Кодируемые данные | 020118 | ||
| 020 | c | Цена, тираж | б/ц | |
| 040 | a | Служба первич. каталог. | НБ ТвГУ | |
| 041 | a | Код языка текста | rus | |
| 080 | a | Индекс УДК | 803.0-561.7(043.3) | |
| 084 | a | Индекс другой классификации/Индекс ББК | Ш143.24-222я031 | |
| 090 | x | Авторский знак | Д73 | |
| a | Полочн. индекс | Ш143.24 | ||
| 100 | 1_ | a | Автор | Дресвянская Нонна Владимировна |
| 245 | 10 | a | Заглавие | Структурно-смысловые типы бессоюзных сложных предложений и их употребление в некоторых функциональных стилях современного немецкого языка |
| b | Продолж. заглавия | автореф. дис. ... канд. филол. наук : 10.02.04 | ||
| c | Ответственность | М-во высш. и сред. спец. образования РСФСР, Калинин. гос. ун-т | ||
| 260 | 1_ | a | Место издания | Калинин |
| c | Дата издания | 1975 | ||
| 300 | a | Объем | 19, [1] с. | |
| 500 | a | Примечание | На правах рукоп. | |
| 504 | a | Библиография | Библиогр.: с. 19-20 и в подстроч. примеч. | |
| 583 | a | Действие | Получение впервые 28 09.02.2005 | |
| 650 | a | Основная рубрика | Немецкий язык | |
| x | Основная подрубрика | Синтаксис | ||
| x | Основная подрубрика | Сложное предложение бессоюзное | ||
| x | Основная подрубрика | Стилистика | ||
| 650 | a | Основная рубрика | Предложение в немецком языке | |
| 653 | a | Ключевые слова | Немецкий язык | |
| a | Ключевые слова | Синтаксис немецкого языка | ||
| a | Ключевые слова | Предложение в немецком языке | ||
| a | Ключевые слова | Сложное предложение | ||
| a | Ключевые слова | Бессоюзное сложное предложение | ||
| a | Ключевые слова | Стилистика немецкого языка | ||
| a | Ключевые слова | Немецкая стилистика | ||
| a | Ключевые слова | Интонация | ||
| a | Ключевые слова | Авторефераты | ||
| 852 | t | Порядковый номер экземпляра | 1 | |
| p | Инвентарный номер | б/н | ||
| 888 | a | Бесплатные | ||
| 930 | a | Новая/Ретро | авторефераты | |
| 952 | p | 28.2005 б/ц 1 б/н | ||
| c | Вид литературы | А/Р н | ||
| 954 | a | Дата поступления на обработку | 20050211 | |
| 999 | a | Подразделение 2 | ч.з. |